=LDR 00000nam 2200000 4500 =001 INLIS000000000025090 =005 20130612123627 =008 ***********************************Ind** =035 ##$$0010-061300000025090 =041 ##$$a Ind =082 ##$$a 616 =090 ##$$a 616, Roit p =100 ##$$a Roit, ivan =245 ##$$a pokok-pokok ilmu kekebalan, Ivan Roit =260 ##$$a 1990 $b Jakarta =300 ##$$a 360 hlm, 21 cm =650 ##$$a Kekebalan =850 ##$$a NBPNMAT